50 Biggest Places In Connecticut - Statistics

General Stats
  • This quiz has been taken 11 times
  • The average score is 21 of 50
Answer Stats
First Letter County(s) Population Answer % Correct
B Fairfield 148,235 Bridgeport
100%
H Hartford 119,583 Hartford
100%
N New Haven 139,027 New Haven
100%
D Fairfield 86,385 Danbury
91%
G Fairfield 63,488 Greenwich
82%
N New London 28,121 New London
82%
S Fairfield 136,735 Stamford
82%
E New Haven 27,313 East Haven
73%
F Fairfield 64,139 Fairfield
73%
W Hartford 64,129 West Hartford
73%
W New Haven 54,403 West Haven
73%
E Hartford 50,588 East Hartford
64%
N Fairfield 93,502 Norwalk
64%
W New Haven 115,730 Waterbury
64%
D Fairfield 22,218 Darien
45%
M New Haven 59,773 Meriden
45%
N New Haven 24,749 North Haven
45%
R Fairfield 24,795 Ridgefield
45%
B Hartford 62,183 Bristol
36%
G Hartford 35,286 Glastonbury
36%
G New London 37,702 Groton
36%
H New Haven 59,482 Hamden
36%
M Middlesex 48,663 Middletown
36%
N Hartford 33,067 Newington
36%
S Hartford 43,821 Southington
36%
T Litchfield 35,673 Torrington
36%
V Tolland 30,576 Vernon
36%
W Fairfield 27,636 Westport
36%
W Hartford 29,352 Windsor
36%
E Hartford 39,912 Enfield
27%
F Hartford 27,002 Farmington
27%
M Hartford 59,426 Manchester
27%
M Tolland 25,385 Mansfield
27%
N Fairfield 27,953 Newtown
27%
S Hartford 24,999 Simsbury
27%
B Hartford 22,586 Bloomfield
18%
C New Haven 29,606 Cheshire
18%
N New Haven 32,038 Naugatuck
18%
S Fairfield 43,065 Shelton
18%
S Hartford 26,765 South Windsor
18%
S Fairfield 54,403 Stratford
18%
W New Haven 43,449 Wallingford
18%
W Windham 23,715 Windham
18%
B New Haven 27,915 Branford
9%
N Hartford 74,963 New Britain
9%
N Litchfield 28,350 New Milford
9%
W Litchfield 22,456 Watertown
9%
W Hartford 27,098 Wethersfield
9%
N New London 39,783 Norwich
0%
T Fairfield 37,707 Trumbell
0%
No matching quizzes found
Score Distribution
Percent of People with Each Score
Percentile by Number Answered
Your Score History
You have not taken this quiz